| Tag |
First Indicator |
Second Indicator |
Subfields |
| LEADER |
00000cam a2200000 a 4500 |
| 001 |
in00000071487 |
| 005 |
20151008062239.0 |
| 008 |
801118s1981 ncu b 00110 engm |
| 010 |
|
|
|a 80039797
|
| 020 |
|
|
|a 0807814741
|
| 035 |
|
|
|a (OCoLC)07171665
|
| 035 |
|
|
|9 AAJ9822AM
|
| 040 |
|
|
|a DLC
|c DLC
|d TXA
|d UtOrBLW
|
| 049 |
|
|
|a TXAM
|
| 050 |
0 |
0 |
|a PS1137
|b .G7 1981
|
| 082 |
0 |
|
|a 813/.2
|2 19
|
| 100 |
1 |
|
|a Grabo, Norman S.
|
| 245 |
1 |
4 |
|a The coincidental art of Charles Brockden Brown /
|c by Norman S. Grabo.
|
| 264 |
|
1 |
|a Chapel Hill :
|b University of North Carolina Press,
|c [1981]
|
| 264 |
|
4 |
|c ©1981
|
| 300 |
|
|
|a xi, 209 pages ;
|c 21 cm.
|
| 336 |
|
|
|a text
|b txt
|2 rdacontent
|
| 337 |
|
|
|a unmediated
|b n
|2 rdamedia
|
| 338 |
|
|
|a volume
|b nc
|2 rdacarrier
|
| 504 |
|
|
|a Includes bibliographical references and index.
|
| 536 |
|
|
|a From the library of Harrison T. Meserole, 2002.
|
| 600 |
1 |
0 |
|a Brown, Charles Brockden,
|d 1771-1810
|x Criticism and interpretation.
|
| 999 |
|
|
|a MARS
|
| 999 |
f |
f |
|s 5631653b-c03b-3bb1-8e3a-e5673f866490
|i 1579ba40-8dc9-3995-aca7-46da0193ff00
|t 0
|
| 952 |
f |
f |
|p normal
|a Texas A&M University
|b College Station
|c Sterling C. Evans Library
|d Evans: Library Stacks
|t 0
|e PS1137 .G7 1981
|h Library of Congress classification
|i unmediated -- volume
|m A14829850615
|
| 998 |
f |
f |
|a PS1137 .G7 1981
|t 0
|l Evans: Library Stacks
|